China Quiz - Statistics

General Stats
  • This quiz has been taken 18 times
  • The average score is 11 of 15
Answer Stats
Question Answer % Correct
What is the capitol of China? Beijing
100%
What is the national animal of China? Giant Panda
100%
What is the most grown crop in China? Rice
100%
Most populated city? Shanghai
100%
Where did covid-19 start? Wuhan
85%
What river had the deadliest flood? Yangtze
85%
When did Hong Kong become a part of China? 1997
77%
What side in World War II was China on? Allies
77%
Name a country China borders. North Korea / Russia / Mongolia / Kazakhstan / Kyrgyzstan / Tajikistan / Afghanistan / Pakistan / Nepal / India / Bhutan / Myanmar / Laos/ Vietnam
77%
What us the current president of China? Xi Jinping
69%
What is the most populated province? Guangdong
54%
What is the national sport of China? Ping Pong / Table Tennis
54%
When did China get nuclear weapons? 1964
38%
What is the biggest city by land in China? Chongqing
38%
How many nuclear bombs does China have? 438 / 500
31%
No matching quizzes found
Score Distribution
Percent of People with Each Score
Percentile by Number Answered
Your Score History
You have not taken this quiz